Humanize work and increanse profitability: direct participation in organisational change viewed by the social partners in Europe

Guardado en:
Detalles Bibliográficos
Autor principal: Regalia, Ida (Autor)
Formato: Libro
Lenguaje:inglés
Publicado: Luxemburgo Office for Official Publications of European Communities 1995
Materias:
Etiquetas: Agregar Etiqueta
Sin Etiquetas, Sea el primero en etiquetar este registro!

MARC

LEADER 00000nam a2200000 a 4500
001 UCZ6975
003 CL-VaPUC
008 951222e19950000LU |||||||||||||||||eng|d
082 0 4 |a 337.142  |b REG  |2 21 
100 0 |a Regalia, Ida  |e author  |9 351629 
245 1 0 |a Humanize work and increanse profitability: direct participation in organisational change viewed by the social partners in Europe 
300 |a 234 p 
942 |c BK 
945 |d 19951222 00:00:00  |a rleighto 
260 |a Luxemburgo  |b Office for Official Publications of European Communities  |c 1995 
600 0 7 |a UNION EUROPEA  |2 CL-VaPUC  |9 320734 
650 7 |a COMUNIDADES EUROPEAS  |2 CL-VaPUC  |9 320736 
650 0 |a Economía   |9 255568 
650 0 |a Trabajo  |9 313876 
650 0 |a Sociedad  |9 307903 
583 |a last modification  |c 20130413 08:16:46  |k Rodrigo Vera 
999 |c 243111  |d 243109 
952 |0 0  |1 0  |4 0  |6 337_142000000000000_REG_1995  |7 0  |8 A  |9 256545  |a BIBDER  |b BIBDER  |d 2019-11-19  |i 3158187  |o 337.142 REG 1995  |p 3158187  |r 2023-01-25  |w 2019-11-19  |y BK  |k DER